Catálogo
 En Linea

100 Pasos hacia una cooperativa de crédito. (Registro nro. 48753)

Detalles MARC
000 -CABECERA
campo de control de longitud fija 00300nam a2200109 a 4500
005 - FECHA Y HORA DE LA ÚLTIMA TRANSACCIÓN
campo de control 20201002061802.0
008 - DATOS DE LONGITUD FIJA--INFORMACIÓN GENERAL
campo de control de longitud fija 190807s2004 000 spa d
040 ## - FUENTE DE LA CATALOGACIÓN
Centro catalogador/agencia de origen DO-SdBNP
100 ## - ENTRADA PRINCIPAL--NOMBRE DE PERSONA
Nombre de persona Steele, Pablo
9 (RLIN) 50920
245 #0 - MENCIÓN DE TÍTULO
Título 100 Pasos hacia una cooperativa de crédito.
260 ## - PUBLICACIÓN, DISTRIBUCIÓN, ETC.
Lugar de publicación, distribución, etc. Santo Domingo,
Fecha de publicación, distribución, etc. [s.f.].

No hay ítems disponibles.

Con tecnología Koha